Chirmulyo: vinchnar vinod (Record no. 138976)
[ view plain ]
| 000 -LEADER | |
|---|---|
| fixed length control field | 00688nam a2200229Ia 4500 |
| 003 - CONTROL NUMBER IDENTIFIER | |
| control field | OSt |
| 005 - DATE AND TIME OF LATEST TRANSACTION | |
| control field | 20241004151952.0 |
| 008 - FIXED-LENGTH DATA ELEMENTS--GENERAL INFORMATION | |
| fixed length control field | 210210b1995 xxu||||| |||| 00| 0 eng d |
| 040 ## - CATALOGING SOURCE | |
| Transcribing agency | AL |
| 041 ## - LANGUAGE CODE | |
| Language code of text/sound track or separate title | Konkani |
| 082 ## - DEWEY DECIMAL CLASSIFICATION NUMBER | |
| Classification number | 891.467 SIJC |
| 100 ## - MAIN ENTRY--PERSONAL NAME | |
| Personal name | SIJYES THAKODE |
| Dates associated with a name | ಸಿಜ್ಯ್ ಸ್ ತಾಕೊಡೆ |
| 9 (RLIN) | 181435 |
| 245 ## - TITLE STATEMENT | |
| Title | Chirmulyo: vinchnar vinod |
| Remainder of title | ಚಿರ್ಮುಲ್ಯೊ: ವಿಂಚ್ನಾರ್ ವಿನೋದ್ |
| 260 ## - PUBLICATION, DISTRIBUTION, ETC. | |
| Place of publication, distribution, etc. | Mangalur |
| Name of publisher, distributor, etc. | Rakno Prakashan. |
| Date of publication, distribution, etc. | 1995 |
| 300 ## - PHYSICAL DESCRIPTION | |
| Extent | 113 |
| 650 ## - SUBJECT ADDED ENTRY--TOPICAL TERM | |
| Topical term or geographic name entry element | vinod |
| 9 (RLIN) | 181436 |
| 650 ## - SUBJECT ADDED ENTRY--TOPICAL TERM | |
| Topical term or geographic name entry element | vinchnar |
| 9 (RLIN) | 181437 |
| 650 ## - SUBJECT ADDED ENTRY--TOPICAL TERM | |
| Topical term or geographic name entry element | Chirmulyo: |
| 9 (RLIN) | 181438 |
| 690 ## - LOCAL SUBJECT ADDED ENTRY--TOPICAL TERM (OCLC, RLIN) | |
| Topical term or geographic name as entry element | Konkani Humour |
| 9 (RLIN) | 181439 |
| 906 ## - LOCAL DATA ELEMENT F, LDF (RLIN) | |
| a | 063836 |
| 942 ## - ADDED ENTRY ELEMENTS (KOHA) | |
| Source of classification or shelving scheme | Dewey Decimal Classification |
| Koha item type | Book |
| Withdrawn status | Lost status | Damaged status | Not for loan | Collection code | Home library | Current library | Shelving location | Date acquired | Source of acquisition | Cost, normal purchase price | Total Checkouts | Full call number | Barcode | Date last seen | Price effective from | Koha item type |
|---|---|---|---|---|---|---|---|---|---|---|---|---|---|---|---|---|
| St Aloysius Library | St Aloysius Library | 02/17/2021 | Raknno Prakashan, Kodialbail, Mangalore-575003 | 30.00 | 891.467 SIJC | 063836 | 02/17/2021 | 02/17/2021 | Book |